Biggest Cities in Palestine on the Map - Statistics

General Stats
  • This quiz has been taken 2,427 times
  • The average score is 5 of 20
Answers on the Map
Answers color-coded by a green-red scale on the quiz's map according to % correct below.
 
Answer Stats
Pop City % Correct
690 k Gaza
97%
304 k Jerusalem
83%
42.1 k Ramallah
66%
231 k Rafah
56%
221 k Hebron
44%
274 k Khan Yunis
41%
167 k Nablus
36%
64.9 k Jenin
28%
251 k Jabalia
15%
79.3 k Tulkarem
14%
90.0 k Deir al-Balah
11%
59.0 k Beit Hanun
10%
55.9 k Qalqiliya
9%
101 k Beit Lahia
8%
95.9 k Nuseirat
7%
49.7 k Al-Bireh
6%
69.9 k Yatta
6%
43.3 k Dura
4%
46.3 k Bani Suheila
3%
48.2 k Bureij
3%
No matching quizzes found
Score Distribution
Percent of People with Each Score
Percentile by Number Answered
Your Score History
You have not taken this quiz